[Event "ODJM B 2014"]
[Site "Magdeburg GER"]
[Date "2014.06.14"]
[Round "9"]
[White "Zimmer, Claudius"]
[Black "Lilienthal, Niels Bennett"]
[Result "0-1"]
[Termination "normal"]
[Board "25"]
[WhiteElo "1081"]
[BlackElo "1167"]
[PlyCount "140"]
[BlackFideId "16205421"]
[EventCountry "GER"]
[EventRounds "9"]
[EventType "swiss"]
[EventDate "2014.06.07"]

1. e4 c5 2. Nf3 Nc6 3. d4 cxd4 4. Nxd4 g6 5. Nc3 Bg7 6. Be3 d6 7. Bc4 Nf6 8.
Bb3 Nxd4 9. Bxd4 b6 10. f3 Bd7 11. Nd5 Bc6 12. Nxf6+ exf6 13. Qd3 O-O 14. O-O-O
d5 15. exd5 Bxd5 16. Bxd5 Qxd5 17. Kb1 Rfd8 18. Bc3 Qxd3 19. Rxd3 Re8 20. g3
Re2 21. h4 f5 22. Bxg7 Kxg7 23. b3 Rae8 24. f4 R8e3 25. Rxe3 Rxe3 26. Rg1 f6
27. a4 Kh6 28. Kb2 Kh5 29. Ka3 Kg4 30. Kb4 Rxg3 31. Rxg3+ Kxg3 32. Kb5 Kxf4 33.
Ka6 Kg4 34. Kxa7 f4 35. Kxb6 f3 36. a5 f2 37. a6 f1=Q 38. a7 Qf2+ 39. Kb7 Qf3+
40. Kb8 Qf4+ 41. Kb7 Qe4+ 42. Kb8 Qe5+ 43. Kb7 Qd5+ 44. Kb8 Qb5+ 45. Kc7 Qc5+
46. Kb7 Qxc2 47. a8=Q Qxb3+ 48. Kc7 Qc4+ 49. Kd7 Qd4+ 50. Ke6 f5 51. Qg2+ Kxh4
52. Qh2+ Kg5 53. Qxh7 Qf6+ 54. Kd5 f4 55. Qh1 Qf5+ 56. Kd4 Qd7+ 57. Kc3 Qc7+
58. Kd2 Qd6+ 59. Ke2 Qe5+ 60. Kd2 Qe3+ 61. Kc2 f3 62. Qf1 Kf4 63. Kd1 Qd4+ 64.
Kc2 Qe4+ 65. Kd2 Qd4+ 66. Kc2 f2 67. Qh3 Qe4+ 68. Kb2 Qe2+ 69. Kb1 f1=R+ 70.
Qxf1+ Qxf1+ 0-1

[Event "ODJM B 2014"]
[Site "Magdeburg GER"]
[Date "2014.06.14"]
[Round "9"]
[White "Groskurt, Benjamin"]
[Black "Pahl, Erik"]
[Result "1/2-1/2"]
[Termination "normal"]
[Board "26"]
[WhiteElo "1141"]
[BlackElo "1028"]
[PlyCount "90"]
[BlackFideId "16201272"]
[EventCountry "GER"]
[EventRounds "9"]
[EventType "swiss"]
[EventDate "2014.06.07"]

1. e4 e5 2. Nf3 Nc6 3. Bb5 Nf6 4. O-O d6 5. Re1 Be7 6. c3 O-O 7. d4 Bd7 8. d5
Nb8 9. Bd3 c6 10. c4 a5 11. Nc3 Na6 12. a3 Nc5 13. Be3 Nxd3 14. Qxd3 c5 15. Ne2
Qb6 16. Rab1 a4 17. Ng3 Ng4 18. Bg5 Bxg5 19. Nxg5 f6 20. Nf3 Qa6 21. Nh4 g6 22.
h3 Nh6 23. Qe3 Kg7 24. f4 Qxc4 25. Kh1 exf4 26. Qxf4 g5 27. Nhf5+ Nxf5 28.
Nxf5+ Kh8 29. Qxd6 Bxf5 30. exf5 Rad8 31. Qc7 Qxd5 32. Re7 Qxf5 33. Rbe1 Qg6
34. Qxb7 Rde8 35. Rxe8 Rxe8 36. Rxe8+ Qxe8 37. Qa7 Qe1+ 38. Kh2 Qe5+ 39. Kh1
Qxb2 40. Qf7 Qa1+ 41. Kh2 Qe5+ 42. Kh1 Qd6 43. Qe8+ Kg7 44. Qxa4 Qf4 45. Qa7+
Kg6 1/2-1/2

[Event "ODJM B 2014"]
[Site "Magdeburg GER"]
[Date "2014.06.14"]
[Round "9"]
[White "Schulze, Lukas"]
[Black "Röhr, Oliver"]
[Result "1/2-1/2"]
[Termination "normal"]
[Board "29"]
[WhiteElo "1243"]
[BlackElo "1245"]
[PlyCount "56"]
[WhiteFideId "12956856"]
[BlackFideId "12987697"]
[EventCountry "GER"]
[EventRounds "9"]
[EventType "swiss"]
[EventDate "2014.06.07"]

1. e4 c5 2. c3 b6 3. d4 Bb7 4. e5 e6 5. Nf3 d6 6. Bb5+ Nd7 7. dxc5 dxc5 8. O-O
a6 9. Bc4 Bxf3 10. Qxf3 Nxe5 11. Qe4 Nxc4 12. Qxc4 Nf6 13. Re1 Bd6 14. Qh4 O-O
15. Bf4 Be7 16. Qg3 Nh5 17. Qg4 Nxf4 18. Qxf4 Bd6 19. Qg4 h6 20. Rd1 Bxh2+ 21.
Kxh2 Qf6 22. Kg1 Rad8 23. Rxd8 Rxd8 24. Na3 Rd2 25. Qf3 Qxf3 26. gxf3 Rxb2 27.
Nc4 Rb5 28. Nd6 Rb2 1/2-1/2

[Event "ODJM B 2014"]
[Site "Magdeburg GER"]
[Date "2014.06.14"]
[Round "9"]
[White "Hoffmann, Simon"]
[Black "Reyher, Bastian"]
[Result "1-0"]
[Termination "normal"]
[Board "31"]
[WhiteElo "1126"]
[BlackElo "1059"]
[PlyCount "25"]
[WhiteFideId "12979686"]
[BlackFideId "12927465"]
[EventCountry "GER"]
[EventRounds "9"]
[EventType "swiss"]
[EventDate "2014.06.07"]

1. e4 e5 2. Nf3 Nc6 3. Bc4 Bc5 4. d3 d6 5. h3 Nf6 6. Nc3 O-O 7. Bg5 Be6 8. Bb3
h6 9. Bh4 Ne7 10. Bxf6 g6 11. Qd2 Qd7 12. Qxh6 Rfe8 13. Qg7# 1-0

[Event "ODJM B 2014"]
[Site "Magdeburg GER"]
[Date "2014.06.14"]
[Round "9"]
[White "Franz, Franz Theodor"]
[Black "Norf, Lasse"]
[Result "1-0"]
[Termination "normal"]
[Board "33"]
[WhiteElo "1048"]
[BlackElo "923"]
[PlyCount "63"]
[WhiteFideId "12992674"]
[EventCountry "GER"]
[EventRounds "9"]
[EventType "swiss"]
[EventDate "2014.06.07"]

1. e4 e5 2. Nf3 Nc6 3. Bc4 Bc5 4. O-O Nf6 5. d4 exd4 6. e5 d5 7. exf6 dxc4 8.
Re1+ Be6 9. Ng5 Qxf6 10. Nxe6 fxe6 11. Qh5+ g6 12. Qxc5 O-O-O 13. Qxc4 Rde8 14.
Nd2 Rhf8 15. Ne4 Qe5 16. Bd2 a5 17. Rad1 Qf5 18. c3 Rd8 19. f3 h5 20. Ng5 Rg8
21. Nxe6 Ne5 22. Rxe5 Qxe5 23. Nxd8 Qe8 24. Ne6 Qf7 25. Qb3 a4 26. Ng5 axb3 27.
Nxf7 bxa2 28. Ra1 Re8 29. Rxa2 dxc3 30. Bxc3 Re2 31. Ne5 g5 32. Ra8# 1-0

[Event "ODJM B 2014"]
[Site "Magdeburg GER"]
[Date "2014.06.14"]
[Round "9"]
[White "Friedrich, Laura"]
[Black "Fromm, Marius"]
[Result "1/2-1/2"]
[Termination "normal"]
[Board "34"]
[WhiteElo "1036"]
[BlackElo "899"]
[PlyCount "63"]
[WhiteFideId "12952249"]
[BlackFideId "12993190"]
[EventCountry "GER"]
[EventRounds "9"]
[EventType "swiss"]
[EventDate "2014.06.07"]

1. e4 e5 2. Nf3 Nc6 3. Nc3 Nf6 4. Bb5 Bb4 5. O-O O-O 6. d3 d6 7. h3 Be6 8. Bg5
Bxc3 9. bxc3 h6 10. Bh4 d5 11. exd5 Bxd5 12. d4 Re8 13. Bxc6 Bxc6 14. dxe5 Qxd1
15. Rfxd1 Bxf3 16. gxf3 Nh7 17. Rd7 Rxe5 18. Rad1 Rc8 19. Rd8+ Rxd8 20. Rxd8+
Nf8 21. Rc8 Rc5 22. Be7 Rxc3 23. Rxf8+ Kh7 24. Rxf7 Rxc2 25. Bf6 Kg6 26. Rxg7+
Kxf6 27. Rd7 Rxa2 28. Rxc7 b5 29. Rb7 a6 30. Kg2 Kf5 31. Kg3 Rc2 32. Rb6
1/2-1/2

[Event "ODJM B 2014"]
[Site "Magdeburg GER"]
[Date "2014.06.14"]
[Round "9"]
[White "Schott, Jan"]
[Black "Schneider, Anna"]
[Result "1-0"]
[Termination "normal"]
[Board "35"]
[WhiteElo "855"]
[BlackElo "734"]
[PlyCount "61"]
[BlackFideId "16200527"]
[EventCountry "GER"]
[EventRounds "9"]
[EventType "swiss"]
[EventDate "2014.06.07"]

1. e4 e5 2. Nf3 Nc6 3. Bc4 Bc5 4. c3 Nf6 5. d4 exd4 6. cxd4 Bb4+ 7. Nc3 Nxe4 8.
O-O Bxc3 9. bxc3 d5 10. Re1 O-O 11. Ba3 Re8 12. Bd3 Nxc3 13. Qc2 Rxe1+ 14. Rxe1
Ne4 15. Bxe4 dxe4 16. Qxe4 Bd7 17. Bc1 Qe8 18. Qd3 Qd8 19. Ng5 g6 20. Qb3 Qf6
21. Qxb7 Nxd4 22. Qxa8+ Kg7 23. Bb2 Qxg5 24. Bxd4+ f6 25. Re7+ Kh6 26. Be3 f5
27. Bxg5+ Kxg5 28. Rxd7 c5 29. Qd8+ Kh6 30. f4 c4 31. Qg5# 1-0